000 00350nam a2200145Ia 4500
008 230917s9999||||xx |||||||||||||| ||und||
040 _e71838
_aMAIN
041 _aEnglish
082 _a515 S84W
100 _aStrichartz, Robert S
245 0 _aWay of analysis
260 _aBoston
_bJones & Bartlett
_c2000
300 _axix, 739 p.
942 _cBK
999 _c107511
_d107511